000 01212nam a2200349 4500
001 190918
003 SpMaBN
005 20250827062644.0
008 220829s2003 sp | ||| ||spa
016 7 _abimoBNE20030867595 [
_2SpMaBN]
017 _aM 31287-2003
_bOficina Depósito Legal Madrid
020 _a84-7879-814-5
035 _a(OCoLC)53230319
040 _aSpMaBN
_bspa
_cSpMaBN
_erdc
080 _a342.9(460)"19/20"(094.5)
080 _a351.95(460)"2003"(094.5)
110 1 _aEspaña
_93622
243 1 0 _aLeyes, etc., de administración pública
245 1 0 _aLegislación administrativa /
_c[edición revisada por Luis Ángel Delgado Pérez ... et al.].
250 _a2ª ed.
260 _aMadrid :
_bColex,
_c2003.
300 _a903 p. ;
_c17 cm.
490 1 _aTextos legales básicos
500 _a"Actualizado a septiembre de 2003"--Cub.
500 _aÍndice.
650 7 _aDerecho administrativo-
_zEspaña
_2
_9145992
700 1 _aDelgado Pérez, Luis Angel.
_943476
830 0 _aTextos legales básicos (2002)
_9125095
852 _aES-MaACL
_jA-15304
_9198107
_cDEPO1
_dOlim: L 351.95(460)"2003" leg
_eOlim: Meseton
942 _2udc
999 _c190918
_d190918